15 catcheurs les plus titrés - Statistiques

Statistiques générales
  • Ce quiz a été pris 481 fois
  • Le résultat moyen est 10 sur 15
Statistiques - réponses
Hint Réponse % Correct
16 ( 13x WWE / 3x Poids-lourds WWE ) John Cena
95%
14 ( 9x WWE / 5x Poids-lourds WWE ) Triple H
91%
14 ( 10x WWE / 4x Poids-lourds WWE ) Randy Orton
90%
7 ( 4x WWE-WWF / 3x Poids-lourds WWE ) The Undertaker
88%
6 ( 4x WWE / 2x Universel WWE ) Roman Reigns
80%
10 ( 8x WWE-WWF / 2x WCW ) The Rock
72%
12 ( 6x Poids-lourds WWF / 6x Poids-lourds WCW ) Hulk Hogan
71%
10 ( 7x WWE / 3x Universel WWE ) Brock Lesnar
70%
11 ( 4x WWE / 7x Poids-lourds WWE ) Edge
69%
8 ( 6x Poids-lourds WCW / 2x Poids-lourds WWF ) Ric Flair
65%
6 ( 2x WWE / 4x Poids-lourds WWE ) Batista
63%
6 ( 6x WWF ) Stone Cold
59%
7 ( 5x WWF / 2x Poids-lourds WWF ) Bret Hart
40%
6 ( 1x WWF / 3x Poids-lourds WWE / 2x Poids-lourds WCW ) Chris Jericho
39%
8 ( 6x Poids-lourds WCW / 2x Poids-lourds international WCW ) Sting
23%
Aucun quiz correspondant
Distribution des résultats
% des personnes avec chaque résultat
Percentile par nombre de réponses
Votre historique - résultats
Vous n’avez pas pris ce quiz